000 00746nam a2200229 i 4500
001 bg
003 BPK
005 20220628101727.0
008 s1993 pl |000 0 pol
040 _cBPK
080 _a316.42
080 _a330.8
080 _a32
245 0 0 _aKonstruktywizm i spontaniczność w rozwoju społecznym /
_cpod red. Zbigniewa Madeja ; Polskie Towarzystwo Wspólracy z Klubem Rzymskim.
260 _aWarszawa :
_bPTWzKR,
_c1993.
300 _a86 s. ;
_c21 cm.
650 4 _aLiberalizm
650 4 _aRozwój społeczny
700 1 _aMadej, Zbigniew
_d(1932- )
_eRedakcja
856 _uhttp://koha.tu.koszalin.pl/cgi-bin/koha/opac-detail.pl?biblionumber=32542
_yKatalog online BPK
942 _cKS
_2UKD
999 _c32542
_d32542